000 00426nam a2200157Ia 4500
005 20240703153648.0
008 240126s9999 xx 000 0 und d
020 _a9788184955767
082 _a301.15 BAX;1 R
100 _aBaxi, Mahesh.
245 0 _aNew age leadership : an open minded approach for the new generation
260 _bJaico Publishing
_aMumbai
_c2014
300 _avi,197
440 _aNULL
942 _cPU
999 _c274051
_d274051